000 00622nam a2200229Ia 4500
003 OSt
005 20220923214508.0
006 a|||||r|||| 00| 0
007 ta
008 220922b |||||||| |||| 00| 0 hin d
024 _a170,067
037 _cTextual
040 _aARTS
_cARTS
_bhin
041 _2hin
_ahin
082 _aO152:3N021:21, J2
100 _aजोशी, इलाचन्द्र
_9156270
245 0 _aजिप्सी
246 _aJipsī
260 _c1952
942 _hO152:3N021:21, J2
_cTEXL
_2CC
999 _c324431
_d324431